000
00228nam a22000857a 4500
008
170424b xxu||||| |||| 00| 0 eng d
100
_9
3082
_a
Arora.B.B etal
245
_a
Science Biology X I and II
260
_a
New Delhi
_b
Modern
_c
2016
999
_c
6369
_d
6369